000
00391nam a2200145Ia 4500
008
090124s9999 xx 000 0 und d
082
_b
35696
245
_a
अडीच अक्षरे
250
_a
1
260
_b
भावे अर्चना
_c
2008
300
_a
71
630
_a
अडीच अक्षरे
730
_a
अडीच अक्षरे
942
_c
BOOK
999
_c
200825
_d
200825